Statistics for Famous Last Names #2

Click here to take the quiz!

General Stats

  • This quiz has been taken 21,517 times
  • The average score is 15 of 24

Answer Stats

First NamesLast Name% Correct
Aretha, Benjamin, RosalindFranklin
94%
Serena, Robbie, HankWilliams
90%
Lance, Louis, NeilArmstrong
86%
Lily, Woody, TimAllen
82%
Sharon, Emma, SlyStone
82%
Wes, Pamela, GillianAnderson
80%
Bette, Geena, MilesDavis
78%
Bruce, Harper, SpikeLee
77%
Katy, Tyler, StevePerry
67%
Rebecca, Sirius, ClintBlack
63%
Willie, Horatio, JuddNelson
62%
Nathan, Lois, DianeLane
61%
Jackie, Smokey, DavidRobinson
61%
Jerry, Huey, MeriwetherLewis
60%
Michael, Mahalia, AndrewJackson
58%
Brittany, Eddie, CillianMurphy
58%
Orville, Robin, FrankWright
56%
Merv, Kathy, StewieGriffin
54%
Elizabeth, Zachary, LawrenceTaylor
52%
Chris, Dean, SteveMartin
46%
Michael, Megan, VicenteFox
44%
Emma, Hunter, LeaThompson
41%
June, Sean, JimmyCarter
31%
David, Candace, JamesCameron
30%

Score Distribution

Percentile by Number Answered

Percent of People with Each Score

Your Score History

You have not taken this quiz